200 Players Easiest Quiz in JetPunk #1 - Statistics

General Stats
  • This quiz has been taken 4 times
  • The average score is 6 of 15
Answer Stats
Question No. Questions Answer % Correct
2 How many subscribers do I have today (same date 13 May) 2
75%
1 How many quizzes did I made today (13 May 2025) 74
75%
15 Are you done with this quiz? OF COURSE DEFINITELY NOT DONE
75%
5 How many features do I have? 0
50%
12 How many playlists do I have? 0
50%
14 How many groups do I have? 0
50%
13 How many friends do I have? 1
50%
6 How many nominations do I have in all of my quizzes? 13
50%
11 How many notifications do I have now? Hint: In between 350 to 400 367
50%
7 How many views does my last quiz I made? (not this one) 4
25%
9 What level am I at? 59
25%
10 How many puzzles did I play? (Word Search in JetPunk) 9
25%
4 How many quiz takes do I have (at night lol) 3124
0%
3 What is my Quizmaker Rank? #6845
0%
8 What month and year was this account created? April 2024
0%
No matching quizzes found
Score Distribution
Percent of People with Each Score
Percentile by Number Answered
Your Score History
You have not taken this quiz